000 01166nam0a22002291 4500
001 rc\3747447
005 20250610070809.0
035 _a(NLR Aleph) 007788280
090 _a7638798
_c7638798
100 _a20130115d1972 |||y0rusy50 ca
101 0 _arus
102 _aRU
105 _ay z |||||
200 1 _aСпектроскопия твердого тела
210 _aКиев
_cБ. и.
_d1972
215 _a63 с.
225 1 _aАН УССР. Институт физики. Институт органической химии. Комиссия по оптике и спектроскопии. Министерство ВССО УССР. Черновицкий государственный университет. Украинская республиканская конференция по молекулярной спектроскопии. Черновцы. 1972. Тезисы докладов
_fРесп. конф. по молекулярной спектроскопии. (г. Черновцы, 12-17 окт. 1972 г.)
_vЧ. 1
801 0 _aRU
_bNLR
_gpsbo
801 1 _aRU
_bELAR
_2rusmarc
852 _aNLR
_j72-4/24331
942 _cBOOK
980 _aNB